[Event "Wch Seniors 65 31st"]
[Site "Terassini"]
[Date "2023.10.29"]
[Round "5"]
[White "Nunn, John DM"]
[Black "Moen, Ole Christian"]
[Result "1-0"]
[WhiteElo "2560"]
[BlackElo "2157"]
[PlyCount "97"]
[EventDate "2023.10.25"]
[EventType "swiss"]
[EventRounds "11"]
[EventCountry "ITA"]
[SourceTitle "Mega2024 Update 01"]
[Source "Chessbase"]
[SourceDate "2023.11.12"]
[SourceVersion "1"]
[SourceVersionDate "2023.11.12"]
[SourceQuality "1"]

1. e4 e5 2. Nf3 Nc6 3. Bb5 a6 4. Ba4 d6 5. 0-0 g6 6. d4 b5 7. Bb3 Bg7 8. dxe5 dxe5 9. a4 Qxd1 10. Rxd1 b4 11. Be3 Bg4 12. Nbd2 Nd4 13. h3 Nxb3 14. cxb3 Be6 15. Ng5 Bc8 16. Rac1 h6 17. Ngf3 Nf6 18. Rxc7 0-0 19. Bc5 Rd8 20. Be7 Rd7 21. Rxd7 Bxd7 22. Nxe5 Be6 23. Nd3 Nd7 24. Nf4 Bf8 25. Nxe6 Bxe7 26. Nc4 Ra7 27. Nd4 Rc7 28. Ne3 Bf8 29. Nd5 Rc8 30. f4 Bc5 31. Kf1 Kf8 32. e5 Nb6 33. Nxb6 Bxb6 34. Ke2 h5 35. g4 hxg4 36. hxg4 Ke7 37. Kf3 a5 38. f5 Bxd4 39. Rxd4 gxf5 40. gxf5 Rc2 41. Rd5 Rxb2 42. Rxa5 Rxb3+ 43. Kg4 Rb1 44. Ra7+ Kf8 45. Kg5 Kg7 46. f6+ Kg8 47. Ra8+ Kh7 48. e6 Rg1+ 49. Kh4 1-0

[Event "EU-chT Seniors 65"]
[Site "Swidnica"]
[Date "2023.07.16"]
[Round "5.2"]
[White "Nunn, John DM"]
[Black "Mikkelsen, Peter Jorgen Dam"]
[Result "1-0"]
[WhiteElo "2570"]
[BlackElo "2116"]
[PlyCount "47"]
[EventDate "2023.07.12"]
[EventType "team-swiss"]
[EventRounds "9"]
[EventCountry "POL"]
[SourceTitle "CBM 215 Extra"]
[Source "ChessBase"]
[SourceDate "2023.09.30"]
[SourceVersion "1"]
[SourceVersionDate "2023.09.30"]
[SourceQuality "1"]
[WhiteTeam "England 65"]
[BlackTeam "Denmark 65"]
[WhiteTeamCountry "ENG"]
[BlackTeamCountry "DEN"]

1. e4 c6 2. d4 d5 3. e5 Bf5 4. Nf3 e6 5. Be2 c5 6. Be3 Qa5+ 7. Nbd2 c4 8. 0-0 Nd7 9. Nh4 Bg6 10. c3 Rc8 11. Nxg6 hxg6 12. b3 cxb3 13. axb3 Qxc3 14. Rxa7 Qb4 15. Qa1 Ne7 16. Ra4 Qb6 17. Ra8 Qd8 18. Rxc8 Nxc8 19. Qa8 Ncb6 20. Qxb7 Bb4 21. Bb5 0-0 22. Bxd7 Bxd2 23. Bxd2 Nxd7 24. Rc1 1-0

[Event "EU-ch Seniors 65 22nd"]
[Site "Acqui Terme"]
[Date "2023.05.30"]
[Round "5"]
[White "Nunn, John DM"]
[Black "Kierzek, Matthias"]
[Result "1-0"]
[WhiteElo "2579"]
[BlackElo "2163"]
[PlyCount "51"]
[EventDate "2023.05.26"]
[EventType "swiss"]
[EventRounds "9"]
[EventCountry "ITA"]
[SourceTitle "CBM 214 Extra"]
[Source "ChessBase"]
[SourceDate "2023.07.31"]
[SourceVersion "1"]
[SourceVersionDate "2023.07.31"]
[SourceQuality "1"]

1. e4 c6 2. d4 d5 3. e5 Bf5 4. Nf3 e6 5. Be2 c5 6. Be3 Qb6 7. Nc3 Nc6 8. dxc5 Bxc5 9. Bxc5 Qxc5 10. Nb5 Kf8 11. 0-0 Nge7 12. Nbd4 Bg4 13. Re1 Nxd4 14. Nxd4 Bxe2 15. Rxe2 Nc6 16. c3 Ke7 17. Re3 Rac8 18. Nxc6+ bxc6 19. Qg4 Rcg8 20. b4 Qb6 21. c4 g5 22. cxd5 cxd5 23. Rc1 h5 24. Qf3 Rg6 25. Rec3 Rh7 26. Rc8 1-0

[Event "WchT Seniors 65"]
[Site "Acqui Terme"]
[Date "2022.06.26"]
[Round "6.1"]
[White "Lederman, Leon S"]
[Black "Nunn, John DM"]
[Result "0-1"]
[WhiteElo "2191"]
[BlackElo "2568"]
[PlyCount "98"]
[EventDate "2022.06.20"]
[EventType "team-tourn"]
[EventRounds "9"]
[EventCountry "ITA"]
[SourceTitle "CBM 209 Extra"]
[Source "ChessBase"]
[SourceDate "2022.09.30"]
[SourceVersion "1"]
[SourceVersionDate "2022.09.30"]
[SourceQuality "1"]
[WhiteTeam "Israel 65 II"]
[BlackTeam "England 65"]
[WhiteTeamCountry "ISR"]
[BlackTeamCountry "ENG"]

1. e4 c5 2. Nf3 d6 3. d4 Nf6 4. Nc3 cxd4 5. Nxd4 a6 6. f4 Nbd7 7. Bd3 g6 8. a4 Bg7 9. Nf3 0-0 10. 0-0 Nc5 11. Qe1 Bg4 12. Qh4 Bxf3 13. Rxf3 e6 14. f5 Nfd7 15. Qf4 Ne5 16. Rh3 Nexd3 17. cxd3 Nb3 18. Rb1 Nxc1 19. Qxc1 Qb6+ 20. Kh1 Rac8 21. Qe1 Rfe8 22. Qh4 h6 23. fxg6 fxg6 24. Ne2 Rc2 25. Qg4 Qf2 26. Ng1 g5 27. Rf3 Qh4 28. Qxh4 gxh4 29. b3 Rec8 30. Rff1 Rd2 31. Nf3 Rxd3 32. Nxh4 Rcc3 33. Ng6 Rd4 34. Rfe1 Rb4 35. Rbd1 Rcxb3 36. Nf4 Bc3 37. Rf1 Rxe4 38. Rf3 Ra3 39. g3 Bb2 40. Rf2 Ra1 41. Rxa1 Bxa1 42. Rc2 e5 43. Ne6 Kf7 44. Nd8+ Ke7 45. Nxb7 Kd7 46. Na5 Rxa4 47. Nc6 a5 48. Kg2 Ra3 49. g4 Rc3 0-1

[Event "London Chess Classic: Blitz D"]
[Site "London"]
[Date "2019.12.08"]
[Round "1"]
[White "Dunn, Maxim"]
[Black "Nunn, John DM"]
[Result "0-1"]
[WhiteElo "1756"]
[BlackElo "2538"]
[PlyCount "62"]
[EventDate "2019.12.08"]
[EventType "swiss (blitz)"]
[EventRounds "11"]
[EventCountry "ENG"]
[SourceTitle "EXT 2021"]
[Source "ChessBase"]
[SourceDate "2020.10.23"]
[SourceVersion "1"]
[SourceVersionDate "2020.10.23"]
[SourceQuality "1"]

1. c4 Nf6 2. g3 c6 3. Bg2 d5 4. Nf3 g6 5. 0-0 Bg7 6. d4 0-0 7. cxd5 cxd5 8. Nc3 Ne4 9. Bf4 Nc6 10. Rc1 Bf5 11. Ne5 Nxc3 12. Rxc3 Nxe5 13. Bxe5 Bxe5 14. dxe5 e6 15. e3 g5 16. Qd4 b6 17. Rfc1 h6 18. Rc7 Qe8 19. Qb4 Rd8 20. Re7 a5 21. Rxe8 axb4 22. Rxf8+ Kxf8 23. h4 Ra8 24. Ra1 b3 25. a4 Rc8 26. Ra3 Rc1+ 27. Kh2 Bc2 28. a5 bxa5 29. Rxa5 Rb1 30. Rb5 Rxb2 31. Bf1 Ra2 0-1

[Event "London Chess Classic: Blitz D"]
[Site "London"]
[Date "2019.12.08"]
[Round "7"]
[White "Hassabis, George"]
[Black "Nunn, John DM"]
[Result "0-1"]
[WhiteElo "1493"]
[BlackElo "2538"]
[PlyCount "94"]
[EventDate "2019.12.08"]
[EventType "swiss (blitz)"]
[EventRounds "11"]
[EventCountry "ENG"]
[SourceTitle "EXT 2021"]
[Source "ChessBase"]
[SourceDate "2020.10.23"]
[SourceVersion "1"]
[SourceVersionDate "2020.10.23"]
[SourceQuality "1"]

1. c4 Nf6 2. Nc3 g6 3. g3 c6 4. Bg2 d5 5. cxd5 cxd5 6. d3 Nc6 7. Nf3 d4 8. Nb1 Bg7 9. 0-0 0-0 10. h3 h6 11. Na3 Be6 12. b3 Nd5 13. Bd2 Nc3 14. Qe1 Rc8 15. Rc1 Nxa2 16. Rc2 Nc3 17. Bxc3 dxc3 18. Rxc3 Qa5 19. Rxc6 Qxe1 20. Rxe1 Rxc6 21. Nd2 Ra6 22. Nb5 Rb6 23. Nc7 Bxb3 24. Rb1 Ba2 25. Rxb6 axb6 26. Nb5 Rc8 27. Bf3 Rc2 28. Nf1 Rb2 29. Nc7 e6 30. Ne3 Be5 31. Na8 b5 32. Kg2 b4 33. Nb6 Bd4 34. Nbc4 Bxc4 35. Nxc4 Rc2 36. e3 Bc3 37. Bd1 Rc1 38. Bb3 b5 39. Nd6 Rb1 40. Bc2 Rb2 41. Bd1 b3 42. Nxb5 Be1 43. Kf3 Rxf2+ 44. Ke4 b2 45. Na3 Bb4 46. Nb1 Rf1 47. Bc2 Rc1 0-1

[Event "London Chess Classic: Blitz D"]
[Site "London"]
[Date "2019.12.08"]
[Round "9"]
[White "Makkar, Rajat"]
[Black "Nunn, John DM"]
[Result "0-1"]
[WhiteElo "1847"]
[BlackElo "2538"]
[PlyCount "96"]
[EventDate "2019.12.08"]
[EventType "swiss (blitz)"]
[EventRounds "11"]
[EventCountry "ENG"]
[SourceTitle "EXT 2021"]
[Source "ChessBase"]
[SourceDate "2020.10.23"]
[SourceVersion "1"]
[SourceVersionDate "2020.10.23"]
[SourceQuality "1"]

1. d4 Nf6 2. c4 g6 3. g3 c6 4. Bg2 d5 5. Qa4 Nbd7 6. cxd5 Nb6 7. Qb3 cxd5 8. Nc3 Bg7 9. Nf3 0-0 10. 0-0 Ne4 11. Bf4 Nxc3 12. Qxc3 Bf5 13. Rac1 Be4 14. b3 e6 15. e3 Qe7 16. Qc7 Rfe8 17. Bd6 Qxc7 18. Rxc7 Rec8 19. Rxb7 Rc2 20. Ng5 Bd3 21. Rd1 Be2 22. Re1 Ba6 23. Rc7 Rc8 24. Rxa7 Rc1 25. Bb4 Bd3 26. Rb7 Rxe1+ 27. Bxe1 Rc1 28. Nf3 Be4 29. Rxb6 Bxf3 30. Bxf3 Rxe1+ 31. Kg2 Bf8 32. a4 Ra1 33. Rb8 Kg7 34. Be2 Ra2 35. Bd1 Rd2 36. Bf3 Ra2 37. Rb7 Ba3 38. a5 Bb2 39. b4 Bc3 40. Rb6 Be1 41. Bd1 Rxf2+ 42. Kg1 Rd2 43. Bf3 Bf2+ 44. Kh1 Bxe3 45. a6 Ra2 46. b5 h5 47. Rb7 Bxd4 48. h4 Kf6 0-1

[Event "London Chess Classic: Blitz D"]
[Site "London"]
[Date "2019.12.08"]
[Round "6"]
[White "Nunn, John DM"]
[Black "Sentissi, Yassine"]
[Result "1/2-1/2"]
[WhiteElo "2538"]
[BlackElo "1715"]
[PlyCount "154"]
[EventDate "2019.12.08"]
[EventType "swiss (blitz)"]
[EventRounds "11"]
[EventCountry "ENG"]
[SourceTitle "EXT 2021"]
[Source "ChessBase"]
[SourceDate "2020.10.23"]
[SourceVersion "1"]
[SourceVersionDate "2020.10.23"]
[SourceQuality "1"]

1. e4 c5 2. Nf3 d6 3. d4 cxd4 4. Nxd4 Nf6 5. Nc3 a6 6. h3 e5 7. Nde2 h5 8. g3 Be7 9. Bg2 0-0 10. 0-0 b5 11. Be3 Bb7 12. a4 b4 13. Nd5 Nxd5 14. exd5 a5 15. c3 bxc3 16. bxc3 Nd7 17. Re1 h4 18. g4 Bg5 19. Qd2 Bxe3 20. Qxe3 Ba6 21. Kh1 Nc5 22. Red1 Bxe2 23. Qxe2 Qg5 24. Qe3 Qxe3 25. fxe3 Rab8 26. Bf1 Ne4 27. Rdc1 Rb2 28. Kg1 Rc8 29. Ra3 Nd2 30. Bg2 Nc4 31. Raa1 Nxe3 32. Rab1 Rcb8 33. Rxb2 Rxb2 34. Be4 Nc4 35. Bd3 Nd2 36. Be2 Ne4 37. Bd3 Ng3 38. c4 Rd2 39. Bf1 Rd4 40. Rb1 Nxf1 41. Kxf1 Rxc4 42. Rb6 Rxa4 43. Rxd6 Rd4 44. Ke2 a4 45. Ke3 a3 46. Ra6 Rxd5 47. Rxa3 f6 48. Ra7 Kh7 49. Rb7 Kg6 50. Ra7 Rb5 51. Kf2 Rb3 52. Kg2 Rg3+ 53. Kh2 Rd3 54. Ra4 f5 55. gxf5+ Kxf5 56. Rxh4 g5 57. Rh8 e4 58. Rg8 Kf4 59. Rf8+ Ke3 60. Rf5 Rd2+ 61. Kg3 Rd1 62. Kg2 Rd2+ 63. Kg3 Kd4 64. Rxg5 e3 65. Rg8 Rf2 66. h4 Rf5 67. Rd8+ Ke4 68. Re8+ Kd3 69. Kg4 Rf1 70. h5 Rg1+ 71. Kf5 e2 72. h6 Rh1 73. Kg6 Rh3 74. h7 Rxh7 75. Kxh7 Kd2 76. Kg6 e1Q 77. Rxe1 Kxe1 1/2-1/2

[Event "GBR-ch KO"]
[Site "London"]
[Date "2018.12.08"]
[Round "1.2"]
[White "Merry, Alan B"]
[Black "Nunn, John DM"]
[Result "1/2-1/2"]
[WhiteElo "2429"]
[BlackElo "2572"]
[PlyCount "84"]
[EventDate "2018.12.08"]
[EventType "k.o."]
[EventRounds "4"]
[EventCountry "ENG"]
[SourceTitle "CBM 187 Extra"]
[Source "ChessBase"]
[SourceDate "2018.11.04"]
[SourceVersion "1"]
[SourceVersionDate "2018.11.04"]
[SourceQuality "1"]

1. c4 Nf6 2. Nc3 g6 3. e4 d6 4. d4 Bg7 5. Nf3 0-0 6. Be2 e5 7. 0-0 Nc6 8. d5 Ne7 9. Ne1 Nd7 10. Be3 f5 11. f3 f4 12. Bf2 g5 13. Nd3 Nf6 14. c5 h5 15. Rc1 g4 16. Nb5 g3 17. hxg3 fxg3 18. Bxg3 Ng6 19. cxd6 cxd6 20. Nc7 h4 21. Bf2 Nh5 22. Nxa8 Qg5 23. Kh2 Ngf4 24. Nxf4 Qxf4+ 25. Kg1 h3 26. g4 Bxg4 27. Kh1 h2 28. Nc7 Bh3 29. Ne6 Ng3+ 30. Bxg3 Qxg3 31. Rg1 hxg1R+ 32. Qxg1 Qxg1+ 33. Kxg1 Bh6 34. Rc7 Rf7 35. Rc8+ Kh7 36. Rd8 Be3+ 37. Kh2 Bxe6 38. dxe6 Rc7 39. Rxd6 Kg6 40. Bd3 Kf6 41. Rd7 Rxd7 42. exd7 Ke7 1/2-1/2

[Event "GBR-ch KO"]
[Site "London"]
[Date "2018.12.08"]
[Round "1.1"]
[White "Nunn, John DM"]
[Black "Merry, Alan B"]
[Result "1/2-1/2"]
[WhiteElo "2572"]
[BlackElo "2429"]
[PlyCount "134"]
[EventDate "2018.12.08"]
[EventType "k.o."]
[EventRounds "4"]
[EventCountry "ENG"]
[SourceTitle "CBM 187 Extra"]
[Source "ChessBase"]
[SourceDate "2018.11.04"]
[SourceVersion "1"]
[SourceVersionDate "2018.11.04"]
[SourceQuality "1"]

1. e4 e6 2. d4 d5 3. Nc3 Bb4 4. e5 c5 5. a3 Bxc3+ 6. bxc3 Qa5 7. Bd2 Qa4 8. Qg4 g6 9. Nf3 Nc6 10. Be2 c4 11. 0-0 Bd7 12. Qf4 h6 13. Ra2 Nce7 14. h4 Rh7 15. Nh2 0-0-0 16. Ng4 Qa5 17. a4 Rf8 18. Nf6 Nxf6 19. exf6 Nf5 20. Rb1 Bc6 21. h5 g5 22. Qe5 Qc7 23. a5 Nd6 24. f3 Rd8 25. Be1 Kb8 26. Bg3 Ka8 27. Qe3 Rg8 28. Be5 Qd8 29. Rf1 a6 30. Raa1 Ne8 31. f4 g4 32. f5 Bd7 33. fxe6 Bxe6 34. Rab1 Nd6 35. Rb6 Nc8 36. Rb4 Nd6 37. Rfb1 Nb5 38. Rxb5 axb5 39. Rxb5 Qd7 40. Rb6 Rc8 41. a6 bxa6 42. Rxa6+ Kb7 43. Rd6 Qb5 44. Rxe6 fxe6 45. Bxg4 Qb1+ 46. Kh2 Re8 47. Bf4 Ka6 48. Bxh6 Qxc2 49. Bg7 Qg6 50. Qh3 Qg5 51. h6 Qf4+ 52. Qg3 Rxh6+ 53. Bxh6 Qxh6+ 54. Bh3 Qxf6 55. Qd6+ Kb7 56. Qd7+ Kb6 57. Qxe8 Qf4+ 58. Kg1 Qe3+ 59. Kf1 Qf4+ 60. Ke2 Qe4+ 61. Kf2 Qf4+ 62. Kg1 Qe3+ 63. Kh1 Qc1+ 64. Kh2 Qf4+ 65. g3 Qd2+ 66. Bg2 Qh6+ 67. Kg1 Qe3+ 1/2-1/2

[Event "London Classic Superblitz KO"]
[Site "London"]
[Date "2017.12.10"]
[Round "2.2"]
[White "Fridman, Daniel"]
[Black "Nunn, John DM"]
[Result "1-0"]
[WhiteElo "2633"]
[BlackElo "2578"]
[PlyCount "81"]
[EventDate "2017.12.10"]
[EventType "k.o. (blitz)"]
[EventRounds "6"]
[EventCountry "ENG"]
[SourceTitle "CBM 182 Extra"]
[Source "ChessBase"]
[SourceDate "2018.02.23"]
[SourceVersion "1"]
[SourceVersionDate "2018.02.23"]
[SourceQuality "1"]

1. d4 Nf6 2. Nf3 g6 3. g3 d5 4. Bg2 Bg7 5. 0-0 0-0 6. c4 c6 7. Nbd2 Bf5 8. b3 Nbd7 9. Bb2 Ne4 10. e3 Nxd2 11. Nxd2 Nf6 12. Re1 Qa5 13. a3 Rac8 14. b4 Qd8 15. Qb3 Qd7 16. a4 Bh3 17. Rac1 Bxg2 18. Kxg2 h5 19. h4 Qf5 20. Qc2 Qe6 21. Qd3 Rfd8 22. b5 c5 23. Qe2 Ne4 24. Nf3 dxc4 25. Rxc4 b6 26. Rec1 Qf5 27. R4c2 Rb8 28. Ba1 Qd5 29. Kg1 Rd7 30. dxc5 Nxc5 31. Bxg7 Kxg7 32. Rd2 Qe6 33. Nd4 Qe4 34. Rcd1 Rbb7 35. Qc4 Qg4 36. Kg2 Rd6 37. f3 Qd7 38. Qc3 Kg8 39. Nc6 Nxa4 40. Rxd6 exd6 41. Qf6 1-0

[Event "BCF-ch Seniors 50"]
[Site "Llandudno"]
[Date "2017.08.04"]
[Round "6"]
[White "Nunn, John DM"]
[Black "Smith, Peter R"]
[Result "1-0"]
[WhiteElo "2581"]
[BlackElo "2062"]
[PlyCount "125"]
[EventDate "2017.07.30"]
[EventType "swiss"]
[EventRounds "7"]
[EventCountry "WLS"]
[SourceTitle "CBM 179 Extra"]
[Source "ChessBase"]
[SourceDate "2017.08.23"]
[SourceVersion "1"]
[SourceVersionDate "2017.08.23"]
[SourceQuality "1"]

1. e4 c5 2. Nf3 Nc6 3. d4 cxd4 4. Nxd4 g6 5. c4 Bg7 6. Be3 Nf6 7. Nc3 d6 8. Be2 0-0 9. 0-0 Bd7 10. Qd2 Nxd4 11. Bxd4 Bc6 12. f3 Nd7 13. Bf2 a5 14. b3 Nc5 15. Rab1 Qc7 16. Rfc1 Rfc8 17. Rc2 b6 18. Bf1 Qd8 19. a3 Be5 20. b4 axb4 21. axb4 Ne6 22. Nd5 Bxd5 23. cxd5 Rxc2 24. Qxc2 Rc8 25. Qd2 Nf8 26. Bb5 e6 27. Bc6 exd5 28. Bxd5 Ne6 29. g3 b5 30. f4 Bc3 31. Qd3 Qd7 32. Kg2 Bf6 33. Rd1 Bc3 34. f5 Ng7 35. Rc1 Bxb4 36. Rxc8+ Qxc8 37. Qb3 Qc3 38. Bxf7+ Kf8 39. Qd5 gxf5 40. Bg8 Qf6 41. Bxh7 fxe4 42. Bxe4 Qe5 43. Qxe5 dxe5 44. Bd3 Ne6 45. Bxb5 Kg7 46. Bd3 Bc5 47. Be1 Kf6 48. Kf3 Ng5+ 49. Kg4 Bd4 50. h4 Ne6 51. Kf3 Nc5 52. Bc2 Ne6 53. Bd2 Bb2 54. Be4 Bd4 55. g4 Nf4 56. g5+ Kg7 57. Kg4 Ne6 58. h5 Nf4 59. h6+ Kh8 60. Kf5 Bb2 61. g6 Nxg6 62. Kxg6 Kg8 63. h7+ 1-0

[Event "BCF-ch Seniors 50"]
[Site "Llandudno"]
[Date "2017.08.03"]
[Round "5"]
[White "Smith, Graham M"]
[Black "Nunn, John DM"]
[Result "0-1"]
[WhiteElo "2000"]
[BlackElo "2581"]
[PlyCount "56"]
[EventDate "2017.07.30"]
[EventType "swiss"]
[EventRounds "7"]
[EventCountry "WLS"]
[SourceTitle "CBM 179 Extra"]
[Source "ChessBase"]
[SourceDate "2017.08.23"]
[SourceVersion "1"]
[SourceVersionDate "2017.08.23"]
[SourceQuality "1"]

1. d4 Nf6 2. Nf3 g6 3. Nc3 d5 4. Bf4 Bg7 5. e3 0-0 6. Be2 c5 7. Ne5 Nc6 8. 0-0 Bf5 9. dxc5 Qa5 10. Nb5 a6 11. Nd4 Qxc5 12. Nexc6 bxc6 13. Nxf5 gxf5 14. Be5 Ne4 15. Bxg7 Kxg7 16. Qd4+ Qxd4 17. exd4 Rfb8 18. f3 Nd6 19. b3 Nb5 20. Bxb5 cxb5 21. Rae1 e6 22. a3 Rc8 23. Re2 Rc3 24. Rb1 Rac8 25. Rb2 f4 26. Kf2 a5 27. g3 Kf6 28. gxf4 Kf5 0-1

[Event "WchT Seniors 50"]
[Site "Hersonissos"]
[Date "2017.05.02"]
[Round "9.2"]
[White "Adams, Mark"]
[Black "Nunn, John DM"]
[Result "0-1"]
[WhiteElo "1971"]
[BlackElo "2600"]
[PlyCount "62"]
[EventDate "2017.04.24"]
[EventType "team-swiss"]
[EventRounds "9"]
[EventCountry "GRE"]
[SourceTitle "CBM 178 Extra"]
[Source "ChessBase"]
[SourceDate "2017.06.22"]
[SourceVersion "1"]
[SourceVersionDate "2017.06.22"]
[SourceQuality "1"]
[WhiteTeam "Wales"]
[BlackTeam "England"]
[WhiteTeamCountry "WLS"]
[BlackTeamCountry "ENG"]

1. e4 c5 2. Nf3 d6 3. d4 Nf6 4. Nc3 cxd4 5. Nxd4 a6 6. h3 e5 7. Nde2 h5 8. Bg5 Be6 9. Bxf6 Qxf6 10. Nd5 Qd8 11. Nec3 g6 12. a4 Nc6 13. Bd3 Bh6 14. 0-0 0-0 15. Qe1 Rc8 16. f4 exf4 17. Nxf4 Ne5 18. Nxe6 fxe6 19. Rxf8+ Qxf8 20. Qe2 Qf4 21. Qf2 Qg5 22. Kh1 Rf8 23. Qd4 Ng4 24. Nd1 Qd2 25. Qc3 Qf4 26. hxg4 Bg7 27. Qe1 Be5 28. g3 Qxg4 29. Kg2 Qf3+ 30. Kh3 Qg4+ 31. Kg2 Rf3 0-1

[Event "WchT Seniors 50"]
[Site "Hersonissos"]
[Date "2017.04.29"]
[Round "6.2"]
[White "Ivanov, Sergey"]
[Black "Nunn, John DM"]
[Result "1-0"]
[WhiteElo "2530"]
[BlackElo "2600"]
[PlyCount "107"]
[EventDate "2017.04.24"]
[EventType "team-swiss"]
[EventRounds "9"]
[EventCountry "GRE"]
[SourceTitle "CBM 178 Extra"]
[Source "ChessBase"]
[SourceDate "2017.06.22"]
[SourceVersion "1"]
[SourceVersionDate "2017.06.22"]
[SourceQuality "1"]
[WhiteTeam "St Petersburg"]
[BlackTeam "England"]
[WhiteTeamCountry "RUS"]
[BlackTeamCountry "ENG"]

1. d4 Nf6 2. c4 g6 3. Nc3 Bg7 4. e4 d6 5. Be2 0-0 6. Bg5 Na6 7. Nf3 h6 8. Bh4 g5 9. Bg3 Nh5 10. Qd2 f5 11. exf5 Bxf5 12. 0-0 c6 13. Rad1 Qd7 14. d5 Nxg3 15. hxg3 c5 16. Bd3 Nc7 17. Rfe1 a6 18. Re2 e6 19. dxe6 Bxe6 20. Rde1 Rae8 21. Bg6 Bf7 22. Bxf7+ Rxf7 23. Rxe8+ Nxe8 24. Nd5 Nf6 25. b3 Nxd5 26. Qxd5 Qc6 27. Qd3 b5 28. Qg6 Qd7 29. Re6 bxc4 30. Rxd6 Qe7 31. bxc4 g4 32. Re6 Rf6 33. Rxf6 Qxf6 34. Qxf6 Bxf6 35. Nh2 h5 36. f3 gxf3 37. gxf3 Kf7 38. f4 Ke6 39. Kf2 Bc3 40. Kf3 Be1 41. Nf1 Kf5 42. Ne3+ Ke6 43. Ng2 Bc3 44. Ke4 Kf6 45. Kf3 Ke6 46. g4 hxg4+ 47. Kxg4 Kf6 48. Kf3 Ke6 49. Ke4 Bd2 50. Nh4 Be1 51. Nf3 Bc3 52. Ng5+ Kf6 53. Kd5 Kf5 54. Ne4 1-0